Algebra and trigonometry / (Record no. 166839)

MARC details
000 -LEADER
fixed length control field 00760cam a22002531 4500
008 - FIXED-LENGTH DATA ELEMENTS--GENERAL INFORMATION
fixed length control field
020 ## - INTERNATIONAL STANDARD BOOK NUMBER
International Standard Book Number 0201525178 (pbk. )
049 ## - LOCAL HOLDINGS (OCLC)
Holding library MAIN
090 ## - LOCALLY ASSIGNED LC-TYPE CALL NUMBER (OCLC); LOCAL CALL NUMBER (RLIN)
Classification number (OCLC) (R) ; Classification number, CALL (RLIN) (NR) QA154.2 KEE
003 - CONTROL NUMBER IDENTIFIER
control field
005 - DATE AND TIME OF LATEST TRANSACTION
control field 20230123134505.0
040 ## - CATALOGING SOURCE
Transcribing agency NUST
100 ## - MAIN ENTRY--PERSONAL NAME
Personal name Keedy, Mervin L.
245 00 - TITLE STATEMENT
Title Algebra and trigonometry /
Statement of responsibility, etc. Mervin L. Keedy, Marvin L. Bittinger, Judith A. Beecher.
250 ## - EDITION STATEMENT
Edition statement 6th ed.
260 ## - PUBLICATION, DISTRIBUTION, ETC.
Place of publication, distribution, etc. Menlo Park :
Name of publisher, distributor, etc. Addison-Wesley Publishing,
Date of publication, distribution, etc. 1993.
300 ## - PHYSICAL DESCRIPTION
Extent xxiii, [852] p. :
Other physical details ill. (part col.) ;
Dimensions 25 cm.
650 #0 - SUBJECT ADDED ENTRY--TOPICAL TERM
Topical term or geographic name entry element Algebra.
650 #0 - SUBJECT ADDED ENTRY--TOPICAL TERM
Topical term or geographic name entry element Plane trigonometry.
700 1# - ADDED ENTRY--PERSONAL NAME
Personal name Bittinger, Marvin L.
700 ## - ADDED ENTRY--PERSONAL NAME
Personal name Beecher, Judith A.
907 ## - LOCAL DATA ELEMENT G, LDG (RLIN)
a .b10250098
b 10-09-07
c 30-08-07
942 ## - ADDED ENTRY ELEMENTS (KOHA)
Koha item type Ordinary Loan Books
Call number prefix QA154.2 KEE
Holdings
Date last seen Total Checkouts Full call number Barcode Cost, replacement price Price effective from Koha item type Lost status Source of classification or shelving scheme Damaged status Not for loan Collection Withdrawn status Home library Current library Shelving location Date acquired Cost, normal purchase price
01/23/2023 45 QA154.2 KEE 92004005189 80.00 01/23/2023 BOOKS   LCC     NFIC   MAIN MAIN GEN 01/23/2023 80.00